El resurgimiento argentino./ (Record no. 1127)
[ view plain ]
| 000 -LEADER | |
|---|---|
| fixed length control field | 00638 #a2200241 #4500 |
| 001 - CONTROL NUMBER | |
| control field | BNM000311 |
| 005 - DATE AND TIME OF LATEST TRANSACTION | |
| control field | 20220829233025.0 |
| 008 - FIXED-LENGTH DATA ELEMENTS--GENERAL INFORMATION | |
| fixed length control field | aespañol |
| 020 ## - INTERNATIONAL STANDARD BOOK NUMBER | |
| International Standard Book Number | 978-950-9872-15-8 |
| 024 ## - OTHER STANDARD IDENTIFIER | |
| Standard number or code | 272 p. |
| 040 ## - CATALOGING SOURCE | |
| Original cataloging agency | AR-C50180D0 |
| 082 ## - DEWEY DECIMAL CLASSIFICATION NUMBER | |
| Edition number | 14 |
| 100 1# - MAIN ENTRY--PERSONAL NAME | |
| Personal name | Calcagno, Eric |
| 9 (RLIN) | 3303 |
| 245 13 - TITLE STATEMENT | |
| Title | El resurgimiento argentino./ |
| Statement of responsibility, etc | Eric Calcagno , Alfredo Eric Calcagno |
| 250 ## - EDITION STATEMENT | |
| Edition statement | 1a.ed. |
| 260 ## - PUBLICATION, DISTRIBUTION, ETC. (IMPRINT) | |
| Place of publication, distribution, etc | Buenos Aires : |
| Name of publisher, distributor, etc | Universidad Nacional de Lomas de Zamora, |
| Date of publication, distribution, etc | 2011. |
| 300 ## - PHYSICAL DESCRIPTION | |
| Extent | 264 p. |
| 650 ## - SUBJECT ADDED ENTRY--TOPICAL TERM | |
| Topical term or geographic name as entry element | POLITICA ECONOMICA |
| 650 ## - SUBJECT ADDED ENTRY--TOPICAL TERM | |
| Topical term or geographic name as entry element | POLITICA SOCIAL |
| 651 ## - SUBJECT ADDED ENTRY--GEOGRAPHIC NAME | |
| Geographic name | ARGENTINA |
| 700 ## - ADDED ENTRY--PERSONAL NAME | |
| Personal name | Calcagno, Alfredo Eric |
| 942 ## - ADDED ENTRY ELEMENTS (KOHA) | |
| Source of classification or shelving scheme | Dewey Decimal Classification |
| Item type | Libro, folleto, traducción |
| 980 ## - EQUIVALENCE OR CROSS-REFERENCE-SERIES STATEMENT--PERSONAL NAME/TITLE [LOCAL, CANADA] | |
| Field link and sequence number | 20562 |
| Miscellaneous information | Diego Higa |
| Withdrawn status | Lost status | Source of classification or shelving scheme | Damaged status | Not for loan | Home library | Current library | Date acquired | Total Checkouts | Full call number | Barcode | Date last seen | Copy number | Price effective from | Koha item type | Total Renewals | Date last borrowed | Source of acquisition |
|---|---|---|---|---|---|---|---|---|---|---|---|---|---|---|---|---|---|
| Dewey Decimal Classification | Biblioteca Central | Biblioteca Central | 13/03/2014 | 330.982 CAL | UNAJ14030142 | 17/03/2025 | 1 | 13/03/2014 | Libro, folleto, traducción | ||||||||
| Dewey Decimal Classification | Consultar Disponibilidad | Biblioteca Central | DEPOSITO | 13/03/2014 | 330.982 CAL | UNAJ14030143 | 23/02/2022 | 2 | 13/03/2014 | Libro, folleto, traducción | |||||||
| Dewey Decimal Classification | Consultar Disponibilidad | Biblioteca Central | DEPOSITO | 13/03/2014 | 2 | 330.982 CAL | UNAJ14030144 | 24/08/2022 | 3 | 13/03/2014 | Libro, folleto, traducción | 2 | 18/07/2022 | ||||
| Dewey Decimal Classification | Consultar Disponibilidad | Biblioteca Central | DEPOSITO | 13/03/2014 | 1 | 330.982 CAL | UNAJ14030145 | 10/03/2022 | 4 | 13/03/2014 | Libro, folleto, traducción | 18/05/2017 | |||||
| Dewey Decimal Classification | Consultar Disponibilidad | Biblioteca Central | DEPOSITO | 13/03/2014 | 2 | 330.982 CAL | UNAJ14030146 | 10/03/2022 | 5 | 13/03/2014 | Libro, folleto, traducción | 6 | 08/10/2015 | ||||
| Dewey Decimal Classification | Consultar Disponibilidad | Biblioteca Central | DEPOSITO | 12/02/2016 | 3 | 330.982 CAL | UNAJ16020074 | 10/03/2022 | 6 | 12/02/2016 | Libro, folleto, traducción | 5 | 17/05/2017 | Donación |